| 000 | 00000nam 2200000za 4500 |
| 001 | 9.822512 |
| 003 | CaOODSP |
| 005 | 20221107143708 |
| 007 | cr ||||||||||| |
| 008 | 160812s2009 qucb ob f000 0 eng d |
| 020 | |z0-662-43988-0 |
| 040 | |aCaOODSP|beng |
| 043 | |an-cn--- |
| 086 | 1 |aR64-105/37-2006E-PDF|zR64-105/37-2006E |
| 110 | 2 |aParks Canada. |
| 245 | 10|aSt. Peters Canal and St. Peters National Historic Sites of Canada |h[electronic resource] : |bmanagement plan. |
| 260 | |a[Gatineau, QC] : |bParks Canada, |cc2009. |
| 300 | |avi, 33 p. : |bmaps |
| 500 | |aIssued also in French under title: Lieux historiques nationaux du Canada du Canal-de-St. Peters et de St. Peters : plan directeur. |
| 500 | |a"February 2009.” |
| 504 | |aIncludes bibliographical references. |
| 530 | |aIssued also in printed form. |
| 692 | 07|2gccst|aHistoric sites |
| 692 | 07|2gccst|aManagement |
| 692 | 07|2gccst|aPlanning |
| 775 | 08|tLieux historiques nationaux du Canada du Canal-de-St. Peters et de St. Peters |w(CaOODSP)9.822513 |
| 776 | 0#|tSt. Peters Canal and St. Peters National Historic Sites of Canada - management plan |w(CaOODSP)9.650293 |
| 856 | 40|qPDF|s738 KB|uhttps://publications.gc.ca/collections/collection_2016/pc/R64-105-37-2006-eng.pdf |